Fr. Conceicao Rodrigues College of Engineering

Servomechanisms & regulating system design (Record no. 18169)

MARC details
000 -LEADER
fixed length control field 00387nam a2200169Ia 4500
082 ## - DEWEY DECIMAL CLASSIFICATION NUMBER
Classification number 629.8323
Item number CHA/MA
100 ## - MAIN ENTRY--PERSONAL NAME
Personal name Chestnut/ H/ Mayer/R.W
250 ## - EDITION STATEMENT
Edition statement 2
245 ## - TITLE STATEMENT
Title Servomechanisms & regulating system design
260 ## - PUBLICATION, DISTRIBUTION, ETC.
Name of publisher, distributor, etc. John wiley and sons
Place of publication, distribution, etc. New York
Date of publication, distribution, etc. 1959
300 ## - PHYSICAL DESCRIPTION
Extent 680
490 ## - SERIES STATEMENT
Volume/sequential designation 1
546 ## - LANGUAGE NOTE
Language note ENGLISH
654 ## - SUBJECT ADDED ENTRY--FACETED TOPICAL TERMS
Focus term servomechanism
942 ## - ADDED ENTRY ELEMENTS (KOHA)
Koha item type BOOK
Holdings
Withdrawn status Lost status Damaged status Not for loan Collection Home library Current library Shelving location Date acquired Cost, normal purchase price Total Checkouts Full call number Barcode Date last seen Cost, replacement price Price effective from Koha item type
        CRC Fr. Agnel's C.Rodrigues College of Engineering Fr. Agnel's C.Rodrigues College of Engineering   17/03/2023 238.00   629.8323 CHA/MA 2384 17/03/2023 238.00 17/03/2023 BOOK